| 000 | 00991nam a2200301 a 4500 | ||
|---|---|---|---|
| 001 | 17505 | ||
| 003 | BD-RjUL | ||
| 005 | 20211209000142.0 | ||
| 008 | 140217t1964 1939nyuh b 000 0beng | ||
| 035 | _a64-15041 | ||
| 035 | _a(BD-RjUL)17563 | ||
| 040 |
_aDLC _cWSU _dm.c _dSER _dBD-RjUL _beng |
||
| 041 | _aeng | ||
| 082 |
_a821.2 _bNEJ 1964 |
||
| 100 | 1 |
_aNelson, William, _d1908-1978 _953941 |
|
| 245 | 1 | 0 |
_aJohn Skelton, laureate _c William Nelson. |
| 260 |
_aNew York : _bRussell & Russell, _c1964. |
||
| 300 |
_avi, 266 p. : _bfacsims ; _c23 cm |
||
| 490 | 1 |
_aColumbia University studies in English and comparative literature ; _vno. 139 |
|
| 500 | _aIssued also as thesis, Columbia University | ||
| 504 | _aBibliography: p. [249]-253 | ||
| 600 | 1 | 0 |
_aSkelton, John, _d1460?-1529 _953950 |
| 830 | 0 |
_vno. 139 _953951 |
|
| 830 | 0 |
_aColumbia University studies in English and comparative literature ; _953952 |
|
| 942 |
_2ddc _cBK |
||
| 999 |
_c17505 _d17505 |
||